Statystyki dla Filmy najbardziej znanych twórców na YouTube

Kliknij tutaj aby rozwiązać quiz!

Ogólne statystyki

  • Ten quiz został rozwiązany 734 razy
  • Średni wynik to 21 z 49

Statystyki odpowiedzi

TytułKanał% Poprawnych
Ciumkaj loczki: GRY MAŁŻEŃSKIE - 4 mlnNaruciak
93%
____ i KINGA - WYJAŚNIENIA - 3 mlnFriz
89%
Mutant Giant Spider Dog - 117 mlnSA Wardega
87%
💪🍌 SPRITE AND BANANA CHALLENGE !! | Miszczelendż #1 - 4 mlnKarolek
82%
___________ - Plecak (Prod. Michał Graczyk) - 31 mlnMULTI
82%
"Znowu Mam Bana" - A Minecraft Parody (Carly Rae Jepsen - Call Me Maybe) - 13 mlnBlowek
80%
REMO ✖ _______ ✖ MAMIKO - Bombsite A - 19 mlnTomasz 'Gimper' Działowy
72%
"Minecraft Style" - A Minecraft Parody (Psy - Gangnam Style) - 14 mlnStuu
69%
Jak się umyć? - 4 mlnLord Kruszwil
68%
ŚWIAT BEZ INTERNETU - 14 mlnAbstrachujeTV
67%
IPHONE 7 - EKSTREMALNY TEST, RECENZJA #110 - 3 mlnTHEUNBOXALL
63%
SMOŁK ŁID EWRY DEJ! - FUNNY MOMENTS! #18 - 5 mlnreZigiusz
60%
_________ PRZEŻYCIE ZA 5 ZŁ DZIENNIE / pomysły, dzięki którym zaoszczędzisz dużo pieniędzy - 7 mln5 sposobów na...
57%
____ opowiada historię o dziku - 6 mlnizak LIVE
56%
10 obrzydliwych rzeczy, które robią kobiety, ale trudno im się przyznać - 8 mlnPlaneta Faktów
55%
TYPOWA LEKCJA J.POLSKIEGO (360°) - 9 mlnPonki
53%
PIOSENKI W PRAWDZIWYM ŻYCIU (ODCINEK SPECJALNY) - 12 mlnBEKSY
48%
Król Julian gra w GTA V! #1[______] - 6 mlnKaluch
47%
Giełda "u Szwagra" - Video Dowcip - 8 mlnsmiechawaTV
47%
MASTURBOWAŁA SIĘ NA STREAMIE + FRAGMENTY!! - 2 mlnDeeJayPallaside
46%
DESPACITO FIT PARODIA | Polska Wersja "SALTITO SALTITO" (ft. Luis Fonsi) - 9 mlnFIT LOVERS
46%
_______________ ocenia: Trudne Sprawy - 5 mlnNiekryty Krytyk
46%
___________ ft. ReTo - Half dead (prod. High Tower) - 74 mlnQueQuality
46%
______ – Dziękuję - 1 mlnBOXDEL
41%
Zakochalem sie 4 ever - Omegle #2 - 3 mlnTheNitroZyniak
39%
Irek poderwał mamę Oskara! Spełnił swoje marzenia! [19+] - 24 mlntvnpl
39%
TYPOWA KOBIETA - 9 mlnMarcin Malczynski
36%
ZBUKU ft. Śliwa, Sztoss - Młoda krew - 64 mlnStep Records
36%
_____ - Give Me That A C T A 2 .... /remix Ympressiv & TREAX (Hitowo mocny) - 9 mlnIsAmU
35%
EURO 2016 - ________ - 4 mlnZ Dvpy
35%
Minecraft - ____ & Mikołaj - 4 mlnRemigiusz Maciaszek
33%
Deemz X Bedoes X PlanBe - Eldorado [official video] - 72 mlnSBM Label
31%
BAZA VS ____.EXE TSUNAMI - MINECRAFT TSUNAMI CHALLENGE | ____ VS Bella - 4 mlnVito Minecraft
31%
_______ & JDabrowsky - Two for One (część pierwsza) - 2 mlnMandzio
30%
FAMILIADA YOUTUBERÓW by TheUnboxall - 2 mlnROJSON
29%
Cjalis - CIURALLA - 10 mlnSPInkafilmstudio
28%
___________ - Mój Ziomek (prod. Gibbs) - 54 mlnKaliGanjaMafia
27%
KaeN feat. Cheeba, WdoWA - Zbyt wiele - 90 mlnProstoTV
27%
TAŃCE SKUBAŃCE - Just Dance 4 - ______________ - 4 mlnskkf
22%
ZJADŁEM #RZCW ( ͡° ͜ʖ ͡°) - AGAR.IO - 4 mlnDisowskyy
17%
21 NIEZWYKŁYCH POMYSŁÓW Z KREDKAMI WOSKOWYMI - 12 mln5-minutowe Sztuczki
16%
SFM FNAF] New Night Guard 3 - 31 mlnZajcu37
12%
JAK SKUTECZNIE PODRYWAĆ? - GTA V Online #2 - 4 mlnJDabrowsky
10%
Donatan Cleo - My Słowianie [Official Video] - 68 mlnUrbanRecTv
9%
ZAŚMIEJESZ SIĘ = WYŁĄCZASZ FILM - 3 mlnWojan
9%
#Excavator and Truck, Dump Truck and Concrete Mixer Truck | Street Vehicles | Maszyny Budowlane - 97 mlnBazylland
6%
Infinity Ink - Infinity (Dubdogz & Bhaskar Remix) (Bass Boosted) - 120 mlnCar Music
6%
Playground Fun Play Place for Kids play centre ball playground with balls play room playroom - 237 mlnbaby's adventure
3%
Cookie Transporter Truck - Cookie Jumps Into The Water Pool - 89 mlnHello Domino
3%

Rozkład punktacji

Percentyl według liczby udzielonych odpowiedzi

Procent ludzi z każdym wynikiem

Twoja historia wyników

Nie rozwiązałeś tego quizu